Návrh generalistického agenta

Salvato in:
Dettagli Bibliografici
Autore principale: Müller, Jakub (Autore)
Altri autori: Komák, Martin (Relatore della tesi)
Natura: Manoscritto Libro
Lingua:slovacco
Pubblicazione: 2024
Soggetti:
Accesso online:http://is.stuba.sk/zp/portal_zp.pl?podrobnosti=169840
Tags: Aggiungi Tag
Nessun Tag, puoi essere il primo ad aggiungerne!!

MARC

LEADER 00000ntm a22000003a 4500
001 stuzp100147
003 SK-STU
005 20240608213458.5
007 ta
008 150427s2015----xo-----f-mn---000-0-slo-d
040 |a STU  |b slo 
041 0 |a slo 
100 1 |a Müller, Jakub  |u 070200  |4 aut  |U FIIT Fakulta informatiky a informačných technológií  |T FIIT Ústav informatiky, informačných systémov a softvérového inžinierstva  |X 96983  |U I200  |Y 179  |7 96983 
242 0 1 |a Proposal of a Generalist Agent  |y eng 
245 1 0 |a Návrh generalistického agenta 
260 |c 2024 
650 4 |a neurónové siete  |2 slo 
650 4 |a generalistický agent  |2 slo 
650 4 |a všeobecná umelá inteligencia  |2 slo 
650 4 |a generalist agent  |2 eng 
650 4 |a artificial general intelligence  |2 eng 
650 4 |a neural networks  |2 eng 
700 1 |a Komák, Martin  |u 070200  |k Z1  |4 ths  |U FIIT Fakulta informatiky a informačných technológií  |T FIIT Ústav informatiky, informačných systémov a softvérového inžinierstva  |X 68441  |U I200  |Y 179  |7 A000068441 
856 4 |u http://is.stuba.sk/zp/portal_zp.pl?podrobnosti=169840